000 01744nam0a2200421 4500
001 RU\NLR\bibl\385207
005 20260409071421.0
010 _a5-89147-012-8
021 _aRU
_b2003-5059
_9234
035 _a(NLR Aleph) 000379583
090 _a447085
_c447085
100 _a20030317d2002 |||y0rusy50 ca
101 0 _arus
102 _aRU
105 _ac |||||||||
200 1 _aПророк Мухаммад
_e[Отрывки из Корана]
_fСост. и авт. предисл. Махмутов Мирза Исмаилович, акад. Рос. акад. образования
210 _aМ.
_cАмонашвили
_cМоск. гор. пед. ун-т
_d2002
215 _a219, [1] с.
_cпортр.
_d21
225 1 _aАнтология гуманной педагогики
_fРед.-изд. совет: Зуев Д.Д. - гл. ред. и др.
320 _aБиблиогр.: с. 217 и в примеч.: с. 214-216
600 0 _aМухаммед
_cпророк
_fок. 570 - 632
_3RU\NLR\auth\66677386
_91551097
605 _aКоран
_xКомментарии
_91554436
_3RU\NLR\auth\66679202
610 0 _aИслам
675 _a37.014.52:26
_v3
_zrus
686 _a14
_2rugasnti
686 _a74.00
_2rubbk
686 _aЭ38-210.2
686 _aЧ33(0)4
686 _aШ5(0)961.34-332-Коран
702 0 _4570
_8rus
_7ca
_aМухаммед
_cпророк
_fок.570-632
_3RU\NLR\AUTH\779947
_9119736
702 1 _aМахмутов
_bМ. И.
_f1926-
_gМирза Исмаилович
_4220
801 0 _aRU
_bRKP
_c20030317
_gPSBO
801 1 _aRU
_bRKP
_c20030317
801 2 _aRU
_bNLR
_c20100209
_grcr
942 _cBOOK
980 _aNB